Mastering banking

Bibliographic Details
Main Author: Whiting, D.P
Format: Book
Published: London : Macmillan Education , 1985
Subjects:

MARC

LEADER 00000cam a2200000 7i4500
001 0000003804
002 000004103
005 20000330.0
020 |a 0333369114 
090 0 0 |a 332.1   |b WHI 
100 1 |a Whiting, D.P 
245 1 0 |a Mastering banking   |c D.P. Whiting 
260 |a London :   |b Macmillan Education ,   |c 1985 
300 |a 246p. ;   |c 24cm. 
650 0 0 |a Banks and banking 
999 |a 037024   |b BUKU   |c PINJAMAN   |e PERPUSTAKAAN KOMUNITI PETALING JAYA